000 00756nac a2200217 a 4500
003 Co-PeBPM
005 20250212155234.0
008 250212e2013 |||d|||| |||| 00| 0 spa d
040 0 _aCo-PeBPM
_bspa
_cCo-PeBPM
_erda
082 0 4 _a320.6 O65m
100 1 _aOrdóñez-Matamoros, Gonzalo
_eautor
245 1 0 _aManual de análisis y diseño de políticas públicas
_c/ Gonzalo Ordóñez-Matamoros
260 _aBogotá, Colombia
_b: Universidad Externado
_c, 2013
300 _a324 páginas
_b: gráficas
_c; 25 centímetros
500 _aIncluye índice temático.
504 _aIncluye bibliografía.
650 1 4 _2LEMB
_aPlanificación política
650 1 4 _2LEMB
_aCiencias políticas
650 1 4 _2LEMB
_aAdministración pública
942 _2ddc
_cBK
_n0
999 _c60514
_d60514